Normal view
MARC view
Entry Topical Term
001 - CONTROL NUMBER
- control field: 62742
003 - CONTROL NUMBER IDENTIFIER
- control field: dpl
005 - DATE AND TIME OF LATEST TRANSACTION
- control field: 20240301162432.0
008 - FIXED-LENGTH DATA ELEMENTS
- fixed length control field: 240301|| aca||aabn | a|a d
040 ## - CATALOGING SOURCE
- Original cataloging agency: dpl
- Transcribing agency: dpl
150 ## - HEADING--TOPICAL TERM
- Topical term or geographic name as entry element: Kurosawa Akira
- Chronological subdivision: 1919-1998
- Geographic subdivision: Japan
670 ## - SOURCE DATA FOUND
- Source citation: Work cat.: (dpl)39926: Richie, Donald 62741, The films of Akira Kurosawa :, 2009
